00364pab a2200133 454500008004000000100002000040245005600060260000900116300000800125362001100133650004000144650002800184773001800212180718b1999 xxu||||| |||| 00| 0 eng d aGundu Rao, N.C. aDisbanding of the committee system: need for review c1999 ap.8 a16 Nov aKarnataka - Politics and government aPolitics and government aDeccan Herald